Statistiques concernant Le Monde par lettre - B

Cliquez ici pour prendre le quiz!

Statistiques générales

  • Ce quiz a été pris 460 fois
  • Le résultat moyen est 10 sur 15

Statistiques - réponses

IndicesRéponses% Correct
Nom donné pour le débat sur le retrait du Royaume-Uni de l'Union EuropéenneBrexit
92%
Plus gros pays commençant par BBrésil
91%
Pays dans l'hémisphère sud étant en pleine crise après les élections du président Evo MoralesBolivie
89%
Ville disparue autrefois reconnue pour ses jardinsBabylone
87%
Province française ayant comme capitales mouvantes Nantes et RennesBretagne
77%
Capitale du MaliBamako
76%
Ville en Irak où plusieurs affrontements ont eu lieu en novembre 2019Bagdad
74%
Arbre pouvant mesurer jusqu'à 40 mètres de hautBaobab
71%
Autre nom pour l'empire romain d'Orient (Empire _______)Byzantin
69%
Prénom du premier ministre du Royaume-UniBoris
68%
Ville nord-américaine ayant eu le ______ Tea PartyBoston
62%
Nom de famille du libérateur de ce paysBolivar
56%
Nom de famille du 47ième vice-président américain qui a participé à la mise en place de la procédure de destitution de Donald TrumpBiden
47%
Cétacé vivant dans l'Océan Arctique en voie d'extinctionBéluga
36%
Nom du Lesotho avant son indépendance envers le Royaume-UniBasutoland
2%

Distribution des résultats

Percentile par nombre de réponses

% des personnes avec chaque résultat

Votre développement - résultats

Vous n’avez pas pris ce quiz